Catálogo
 En Linea

La universidad en transición / (Registro nro. 24377)

Detalles MARC
000 -CABECERA
campo de control de longitud fija 01018nam a2200265 a 4500
001 - NÚMERO DE CONTROL
campo de control 000024884
005 - FECHA Y HORA DE LA ÚLTIMA TRANSACCIÓN
campo de control 20200930023428.0
008 - DATOS DE LONGITUD FIJA--INFORMACIÓN GENERAL
campo de control de longitud fija 110207s1967 mx a r 000 0 spa d
040 ## - FUENTE DE LA CATALOGACIÓN
Centro catalogador/agencia de origen DO-SdBNP
Lengua de catalogación spa
Centro/agencia transcriptor BNPHU
041 17 - CÓDIGO DE LENGUA
Código de lengua del texto/banda sonora o título independiente spa
Código de lengua original eng
Fuente del código Código de idiomas MARC
082 ## - NÚMERO DE LA CLASIFICACIÓN DECIMAL DEWEY
Número de clasificación nn*
Número de documento/Ítem nn*
049 ## - FONDOS LOCALES (OCLC)
Fondos de biblioteca BNGR
100 1# - ENTRADA PRINCIPAL--NOMBRE DE PERSONA
Nombre de persona Perkins, James A.
9 (RLIN) 51072
240 14 - TÍTULO UNIFORME
Título uniforme The university in transition.
Lenguaje de la obra Español
245 13 - MENCIÓN DE TÍTULO
Título La universidad en transición /
Mención de responsabilidad, etc. James A. Perkins ; traducción de Catalina Castro ; revisión de la traducción Luz María Trejo de Hernández.
260 ## - PUBLICACIÓN, DISTRIBUCIÓN, ETC.
Lugar de publicación, distribución, etc. México, D. F. :
Nombre del editor, distribuidor, etc. Unión Tipográfica Editorial Hispano Americana,
Fecha de publicación, distribución, etc. 1967.
300 ## - DESCRIPCIÓN FÍSICA
Extensión 134 p. :
Otras características físicas il. ;
Dimensiones 17 cm.
490 1# - MENCIÓN DE SERIE
Mención de serie Manuales Uteha.
Designación de volumen o secuencia 354
490 1# - MENCIÓN DE SERIE
Mención de serie Sección 17. Educación
534 ## - NOTA SOBRE LA VERSIÓN ORIGINAL
Encabezamiento principal del original [Título original] :
Mención de título del original The university in transition
700 1# - PUNTO DE ACCESO ADICIONAL--NOMBRE DE PERSONA
Nombre de persona Trejo de Hernández, Luz María.
9 (RLIN) 51073
700 1# - PUNTO DE ACCESO ADICIONAL--NOMBRE DE PERSONA
Nombre de persona Castro, Catalina,
Término indicativo de función/relación tr.
9 (RLIN) 51039
830 #0 - PUNTO DE ACCESO ADICIONAL DE SERIE-TÍTULO UNIFORME
Título uniforme Manuales Uteha.
Designación de volumen o secuencia 354
9 (RLIN) 43616
830 #0 - PUNTO DE ACCESO ADICIONAL DE SERIE-TÍTULO UNIFORME
Título uniforme Sección 17,
Nombre de parte o sección de la obra Educación
9 (RLIN) 51074
Existencias
Estado de retiro Estado de pérdida Restricciones de uso No para préstamo Código de colección Localización permanente Ubicación/localización actual Ubicación en estantería Fecha de adquisición Número de inventario Total de préstamos Signatura topográfica completa Código de barras Fecha visto por última vez Precio válido a partir de Tipo de ítem Koha
        Monografías: Libros y Folletos General General En catalogación 07.02.2011 LF1   nn* nn* 24884-10 25.06.2020 25.06.2020 Préstamo en sala

Con tecnología Koha